000 00252nam a2200097Ia 4500
008 220204s9999 xx 000 0 und d
082 _a658.5
_bIMP
245 0 _aAssessing projects a programme for learning
260 _aLondon
_bMethuen
_c1968
942 _cBK
999 _c25529
_d25529